The impact of potential risk factors on leg wound complications after saphenectomy for coronary revascularization at Hospital Universiti Kebangsaan Malaysia /
Saved in:
| Main Author: | |
|---|---|
| Format: | Unknown |
| Language: | English |
| Published: |
Kuala Lumpur :
Faculty of Medicine, National University of Malaysia (UKM),
2004
|
| Subjects: | |
| Tags: |
Add Tag
No Tags, Be the first to tag this record!
|
| LEADER | 019120000a22003370004500 | ||
|---|---|---|---|
| 001 | 351593 | ||
| 005 | 20230419100042.0 | ||
| 008 | 060508t2004 my a f m 000 0 eng d | ||
| 035 | |a (Sirsi) 351593 | ||
| 040 | |a UIAM |b eng |e rda | ||
| 050 | 0 | |a RD598.35.C67 | |
| 100 | 0 | |a Ahmad Khadri bin Awang, |e author |9 87234 | |
| 245 | 1 | 4 | |a The impact of potential risk factors on leg wound complications after saphenectomy for coronary revascularization at Hospital Universiti Kebangsaan Malaysia / |c by Dr.Ahmad Khadri Bin Awang M.D (UKM) |
| 264 | 1 | |a Kuala Lumpur : |b Faculty of Medicine, National University of Malaysia (UKM), |c 2004 | |
| 300 | |a 34 leaves : |b illustrations ; |c 30 cm. | ||
| 336 | |2 rdacontent |a text | ||
| 337 | |2 rdamedia |a unmediated | ||
| 338 | |2 rdacarrier |a volume | ||
| 500 | |a "Dissertation submitted to the National University of Malaysia as partial fulfilment for the Degree of Master in Surgery (General)."--On title page. | ||
| 504 | |a Includes bibliographical references (leaves 29-34). | ||
| 530 | |a Also available on 3 1/2 in. computer disk-converted into 4 3/4 computer optical disc. | ||
| 650 | 0 | |a Coronary artery bypass |9 87235 | |
| 650 | 0 | |a Wounds and injuries |x Complications |9 87236 | |
| 655 | 0 | 7 | |a Theses, non-IIUM |
| 710 | 2 | |a Universiti Kebangsaan Malaysia. |b Fakulti Perubatan |9 57454 | |
| 730 | 4 | |a The Impact of potential risk factors on leg wound complications after saphenectomy for coronary revascularization at Hospital Universiti Kebangsaan Malaysia. (Computer file) |9 87237 | |
| 900 | |a hj-a jt | ||
| 942 | |2 lcc |n 0 | ||
| 999 | |c 433624 |d 466875 | ||
| 952 | |0 0 |6 T RD 000598.35 C67 A2862I 2004 |7 0 |8 THESES |9 755138 |a KIMC |b KIMC |c CLOSEACCES |g 0.00 |o t RD 598.35 C67 A2862I 2004 |p 00001048107 |r 2019-09-04 |t 1 |v 0.00 |y THESIS | ||
| 952 | |0 0 |6 TS CDF RD598.35C67A2862I 2004 |7 5 |8 THESES |9 823637 |a KIMC |b KIMC |c MULTIMEDIA |g 0.00 |o ts cdf RD598.35C67A2862I 2004 |p 00001048108 |r 2018-05-04 |t 1 |v 0.00 |y THESISDIG | ||
